| 000 | 00694nam a2200289Ia 4500 | ||
|---|---|---|---|
| 005 | 20260401122359.0 | ||
| 008 | 008 250103s9999 xx 000 0 eng d | ||
| 037 | _aTB | ||
| 040 | _aEDL | ||
| 040 | _beng | ||
| 040 | _cEDL | ||
| 041 | _2eng | ||
| 041 | _aeng | ||
| 084 | _a398.20954 NAI | ||
| 084 | _qEDL | ||
| 100 |
_aNaithani, Sadhana _91233426 |
||
| 245 | 0 | _aIn Quest of Indian Folktales: Pandit Ram Gharib Chaube and William Crooke | |
| 245 | 0 | _cNaithani, Sadhana | |
| 260 | _aUSA | ||
| 260 | _bIndiana University Press | ||
| 260 | _c2006 | ||
| 300 | _a328p | ||
| 942 | _cTB | ||
| 942 | _h398.20954 NAI | ||
| 999 |
_c1846905 _d1846905 |
||